Cardiovascular drug therapy. (Record no. 3022)

000 -LEADER
fixed length control field 00778nam a22002297a 4500
003 - CONTROL NUMBER IDENTIFIER
control field OSt
005 - DATE AND TIME OF LATEST TRANSACTION
control field 20210809090308.0
008 - FIXED-LENGTH DATA ELEMENTS--GENERAL INFORMATION
fixed length control field 210809b ||||| |||| 00| 0 eng d
020 ## - INTERNATIONAL STANDARD BOOK NUMBER
International Standard Book Number 9780874347142
020 ## - INTERNATIONAL STANDARD BOOK NUMBER
International Standard Book Number 0874347149
040 ## - CATALOGING SOURCE
Transcribing agency ALUPE UNIVERSITY
050 ## - LIBRARY OF CONGRESS CALL NUMBER
Classification number RC735
Item number .R46 1995
110 ## - MAIN ENTRY--CORPORATE NAME
Corporate name or jurisdiction name as entry element Springhouse Corporation.
245 ## - TITLE STATEMENT
Title Cardiovascular drug therapy.
250 ## - EDITION STATEMENT
Edition statement -
260 ## - PUBLICATION, DISTRIBUTION, ETC.
Place of publication, distribution, etc. Springhouse, Pa
Name of publisher, distributor, etc. Springhouse Corp.
Date of publication, distribution, etc. ©1995.
300 ## - PHYSICAL DESCRIPTION
Extent ix, 372 pages ; 21 cm.
Size of unit 21 cm.
440 ## - SERIES STATEMENT/ADDED ENTRY--TITLE
Title Professional quick reference.
500 ## - GENERAL NOTE
General note INDEX INCL.
650 ## - SUBJECT ADDED ENTRY--TOPICAL TERM
Topical term or geographic name entry element Cardiovascular agents -- Handbooks, manuals, etc. Cardiovascular system -- Diseases -- Nursing -- Handbooks, manuals, etc. Cardiovascular agents.
942 ## - ADDED ENTRY ELEMENTS (KOHA)
Source of classification or shelving scheme
Koha item type Book
Suppress in OPAC DO
Holdings
Withdrawn status Lost status Source of classification or shelving scheme Damaged status Not for loan Permanent Location Current Location Shelving location Date acquired Source of acquisition Total Checkouts Full call number Barcode Date last seen Price effective from Koha item type Public note Copy number
          AU LIBRARY AU LIBRARY Open Shelf 09.08.2021 DONATION FROM MOI UNIVERSITY   RC735 .R46 1995 28004116 09.08.2021 09.08.2021 Book DO  
          AU LIBRARY AU LIBRARY Open Shelf 25.03.2022 DONATION FROM MOI UNIVERSITY   RC735 .R46 1995 C2 28006870 25.03.2022 25.03.2022 Book PW 2
          AU LIBRARY AU LIBRARY Open Shelf 28.03.2022 DONATION FROM MOI UNIVERSITY   RC735 .R46 1995 C3 28007076 28.03.2022 28.03.2022 Book JO 3

Powered by Koha